Eredményekben gazdag iskola

Bibliographic Details
Main Author: Kovács H., Judit (Author)
Format: Article
Language:Hungarian
Slovak
PhysicalDescription:Fotogr.
ISSN:1336-3638
Subjects:

MARC

LEADER 00000nab a2200000 a 4500
001 vtls011703695
003 SK-MaSNL
005 20260318132735.0
008 170720|2017 xo w| 000 0|hun
015 |a SNBRB2017/07 
038 |a DSZK 
040 |a DSZK  |b slo  |c DSZK  |e AACR2 
041 |a hun  |a slo 
044 |a xo  |c SK 
080 |a 373.3  |x (=511.141)  |x (437.6)  |2 2011 
100 1 |a Kovács H., Judit  |4 aut  |9 1192907 
245 1 0 |a Eredményekben gazdag iskola  |c Kovács H. Judit 
300 |b Fotogr. 
610 2 7 |a Základná škola Lászlóa Amadea s vyučovacím jazykom maďarským (Gabčíkovo, Slovensko)  |2 dszk  |9 1192784 
650 0 7 |a základné školy s vyučovacím jazykom maďarským  |2 dszk  |9 87207 
651 7 |a Gabčíkovo (Slovensko)  |2 SNKPH  |9 23512 
773 0 |t Csallóköz=Žitný ostrov  |g Évf. 57, sz. 28 (2017), o. 27  |x 1336-3638 
852 |a DSZK  |b KIS3GCP 
856 |a http://www.csallokoz.sk 
958 |a SK 
958 |a HU 
999 |c 2149142  |d 2151072